书目信息 |
| 题名: |
侦查理论与实践研究
|
|
| 作者: | 瞿丰 主编 | |
| 分册: | ||
| 出版信息: | 北京 中国人民公安大学出版社 2000 |
|
| 页数: | 528页 | |
| 开本: | 20cm | |
| 丛书名: | ||
| 单 册: | ||
| 中图分类: | D918.2 | |
| 科图分类: | ||
| 主题词: | 侦查--理论--实践--研究 | |
| 电子资源: | ||
| ISBN: | 7-81059-594-6 | |
| 000 | 00660nam0 22002177 450 | |
| 001 | 192004003706 | |
| 005 | 20070913153135.09 | |
| 010 | @a7-81059-594-6@dCNY30.00 | |
| 100 | @a20070602d2000 ekmy0chiy0121 ea | |
| 101 | 0 | @achi |
| 102 | @aCN@b110000 | |
| 105 | @ay z 000yy | |
| 200 | 1 | @a侦查理论与实践研究@Azhen cha li lun yu shi jian yan jiu@f瞿丰主编 |
| 210 | @a北京@c中国人民公安大学出版社@d2000 | |
| 215 | @a528页@d20cm | |
| 330 | @a本书中涉及的内容比较广泛,几乎涵盖大侦查的每一个部分。本书包括75篇内容。 | |
| 606 | 0 | @a侦查@x理论@x实践@x研究 |
| 690 | @aD918.2@v4 | |
| 701 | 0 | @a瞿丰@Aqu feng@4主编 |
| 801 | 0 | @aCN@c20070913 |
| 905 | @dD918.2@eQ821 | |
| 侦查理论与实践研究/瞿丰主编.-北京:中国人民公安大学出版社,2000 |
| 528页;20cm |
| ISBN 7-81059-594-6:CNY30.00 |
| 本书中涉及的内容比较广泛,几乎涵盖大侦查的每一个部分。本书包括75篇内容。 |
| ● |
| 相关链接 |
|
|
|
正题名:侦查理论与实践研究
索取号:D918.2/Q821
 
预约/预借
| 序号 | 登录号 | 条形码 | 馆藏地/架位号 | 状态 | 备注 |
| 1 | 620851 | 206208511 | 社科库509/509社科库 82排7列3层/ [索取号:D918.2/Q821] | 在馆 | |
| 2 | 620852 | 206208520 | 社科库509/509社科库 82排7列3层/ [索取号:D918.2/Q821] | 在馆 | |
| 3 | 620853 | 206208539 | 社科库509/509社科库 82排7列3层/ [索取号:D918.2/Q821] | 在馆 |